| 000 | 00720nam a22001937a 4500 | ||
|---|---|---|---|
| 003 | NUST-PNEC | ||
| 005 | 20170116181105.0 | ||
| 008 | 140507b xxu||||| |||| 00| 0 eng d | ||
| 020 | _a0070616191 | ||
| 040 | _cPNEC | ||
| 082 | _a621.56 STO | ||
| 100 |
_912599 _aPriester, Gayle B. |
||
| 245 |
_aRefrigeration and Air Conditioning _cPriester, Gayle B. |
||
| 260 |
_aSingapore _b McGraw-Hill _cc.1958. |
||
| 300 |
_a397 p. : _bill. : _c24 cm. |
||
| 500 | _aIncludes Index http://www.amazon.com/Refrigeration-conditioning-McGraw-mechanical-engineering/dp/B0000CK6N7/ref=sr_1_1?s=books&ie=UTF8&qid=1399455023&sr=1-1&keywords=refrigeration+and+air+conditioning+stoecker+w.f+1958 | ||
| 650 | _xMIS, ME | ||
| 942 |
_2ddc _cBK |
||
| 999 |
_c68906 _d68906 |
||